Quizzes
Events
Quiz Creation
Community
Videos
Private Events
Remove Ads
Sign In
Join for FREE
Feedback
Dark Mode
Quiz Categories
Sports
Geography
Music
Movies
Television
Just For Fun
Miscellaneous
History
Literature
Language
Science
Gaming
Entertainment
Religion
Holiday
For Kids
Quiz Lab
Recent
Popular Today
Quiz Kudos Today
Editor Picks
Curator Picks
Quizzes by...
Day
Popularity
Type
Ratings
Length
Year
Community
Subscriptions
Recent Discussions
Orange Saloon
Badges
Playlists
Quests
Create
Leaderboards
Showdown
Live 5
Trivia Bingo
Activity
Puzzle Library
Sporcle Events
Private Events
Virtual Trivia
Globe League
Become a Host
Pub Owners
SporcleCon
Opinionation
Our Games
Videos
Blog
Mobile Apps
Partnerships
Remove Ads and Go Orange
Feedback
Literature
Harry Potter
A Song of Ice and Fire
The Hunger Games
Literary Character
Shakespeare
Book
Author
Novel
Poem
Young Adult
Children's Books
Play
Lord of the Rings
Literature
Harry Potter
A Song of Ice and Fire
The Hunger Games
Literary Character
Shakespeare
Book
Author
Novel
Poem
Young Adult
Children's Books
Play
Lord of the Rings
Random Quiz
Search Sporcle
×
Quiz Lab
Quiz Lab
Literature
Linked
Type in answers that appear in a list
Type in answers that appear in a list
Classic
Best Score? Go Orange.
Game of Thrones Linked Characters Stats
Can you name the Game of Thrones Linked Characters
By
atiggerx33
10m
24 Questions
704 Plays
704 Plays
704 Plays
Comments
Comments
Give Quiz Kudos
Give Quiz Kudos
-
- Ratings
hide this ad
More Info
Replay
Link that replays current quiz
Next Quiz
Link to next quiz in quiz playlist
You Got
0%
They Got
Avg Score
70%
Avg Friend Score
Upgrade to see
Score Distribution
Jump to the score distribution portion of the page
Score
0/24
Timer
10:00
0
Plays Today
Answer
% Correct
Robb Stark
98.4%
Catelyn Tully
98.4%
Eddard Stark
97.7%
Jeyne Westerling
82.2%
Robert Baratheon
74.1%
Joffrey Baratheon
74.1%
Jaime Lannister
74.1%
Myrcella Baratheon
73.9%
Loras Tyrell
73.7%
Margaery Tyrell
73.6%
Renly Baratheon
73.4%
Brienne Tarth
73.3%
Answer
% Correct
Cersei Lannister
73.2%
Tywin Lannister
68.9%
Doran Martell
66.3%
Trystane Martell
61.9%
Daenerys Targaryen
61.9%
Khal Drogo
60.9%
Viserys Targaryen
60.7%
Aerys Targaryen
59.1%
Quentyn Martell
54.5%
Brandon Stark
52.4%
Rickard Stark
49.1%
Eddard Stark
46.2%
Quiz Playlist
Details
Report
Send in Message
Add To Playlist
More Info:
Type Eddard Stark To Begin. Clues will be on the Right. Always answer with the first trueborn son/daughter unless stated otherwise.
Classic:
Type in answers that appear in a list
Last Updated: Feb 16, 2017
Quiz Scoreboard
CHALLENGE
Sign Up to Join the Scoreboard
Show All
Scores
Hide
Comments
May contain spoilers
Recently Published
Movies - When Are They Set?
by FPL_Elf
Movies
5m
Popular People in 1961
by mucciniale
History
6m
1-10 Letter E Words III
by El_Dandy
Language
2m
More to Explore
Quiz From the Vault
Featured Blog Post
Where Did the Easter Bunny Come From?
hide this ad
You Might Also Like...
Tags
Character
link
Linked
throne
Today's Top Quizzes in Literature
Browse Literature
hide this ad
Today's Top Quizzes in Linked
Browse Linked
Top Contributed Quizzes in Literature
1
Sneaky Slytherin Logic Puzzle
2
One Thing in Common: Literature
3
Get The Picture: Black or White Literature
4
Weasley Family Reunion: Logic Puzzle
5
Harry Potter Neighbourly Logic Puzzle #1
6
Harry Potter Neighbourly Logic Puzzle #5
7
One Thing in Common: Books
8
One Thing in Common: Literature II
9
One Thing in Common: Literature 3
10
Literary Siblings Odd One Out III
Explore More
Trending Topics
Marvel
Harry Potter
Kpop
Anime
NBA
Crossword
Disney
Song
The Office
Puzzle
Country
WWE
Pokémon
NFL
Soccer
hide this ad
More By:
atiggerx33
Quiz
Plays
Rating
Category
Featured
Created
Game of Thrones General Information
915
5.00
Literature
Feb 16, 2014
Game of Thrones Linked Characters
704
2.60
Literature
Feb 16, 2014
Game of Thrones: The North
621
4.00
Literature
Feb 16, 2014
Game of Thrones Aliases
386
4.67
Literature
Feb 16, 2014
The Wall & Beyond
116
3.80
Literature
Nov 12, 2014
Go to Creator's Profile
Score Distribution
Quiz Creator Spotlight
atiggerx33
Follow
Send a Message
Quizzes Created
-
Created Quiz Play Count
-
More By This Creator
Popular Quizzes Today
1
Find the Countries of Europe - No Outlines Minefield
2
Find the US States - No Outlines Minefield
3
The Countries of the World
4
Popular People in 1961
5
US States
6
1-10 Letter E Words III
7
Find the US States
8
One Thing in Common: World Cities II
More Literature Quizzes
12-1 Harry Potter: When Did It Happen?
Quiz Lab
Trending Quizzes
Risky Map Clicking: Least Populous States A-Z
1-10 Letter F Words
Humor Books: The Subtitles
1-10 Letter G Words
One Thing in Common: United Kingdom
Recently Updated
Leaping Animals
pecheneg
Reality TV Shows (A-Z)
bhenderson79
Rickey Henderson's Hall of Fame Teammates
pecheneg
Champions League XIs: Arsenal
pecheneg
Quick Pick: Celebrities in WWE's Hall of Fame
aduchscher
A-Z Keypad Blitz II
pecheneg
Multiple Oscar Actors
pecheneg
Mystery Phrase Blitz: Oscar 'Best Actors'
pecheneg
F. Scott Fitzgerald Novels
LTH
Pick 3 Villains
ddd62291
Trending Topics
NBA
Disney
Crossword
Harry Potter
Anime
Kpop
Marvel
NFL
Pokémon
Song
The Office
Country
Soccer
WWE
Puzzle
Your Account Isn't Verified!
In order to create a playlist on Sporcle, you need to verify the email address you used during registration. Go to your
Sporcle Settings
to finish the process.
Report this User
Report this user for behavior that violates our
Community Guidelines
.
Details:
Send Report
Go to the Sporcle.com Mobile Site →
Comments